00681nam a2200145Ia 4500008004100000050002300041100001900064245019400083260008600277300002800363521001200391942000700403999001900410952010600429140724s9999 xx 000 0 und d aRT 90b.Al337 2011 aAlbis, Angela. 2aA comparative study of the job satisfaction level between nursing graduates of Southville International School and Colleges employed in a nursing field ad non-nursing Field /cAngela Albis. aLas Piñas, Philippines :bSouthville International School and Colleges,cc2011. a80 p. :bill. ;c28 cm. aNursing cTH c228671d228671 001040aCLbCLcTHESESd2014-07-24l0oRT 90 .Al337 2011pT0025r2018-05-15 00:00:00w2014-07-24yTH